[Event "6I Torneo Ciudad de Pontevedra 2018"]
[Site "Pontevedra ESP"]
[Date "2018.08.10"]
[Round "4.25"]
[White "Bottazzi, Ulysse"]
[Black "Vidal Fernandez, Pablo"]
[Result "0-1"]
[WhiteElo "1847"]
[BlackElo "2143"]
[PlyCount "86"]
[EventDate "2018.08.08"]
[EventType "swiss"]
[EventRounds "9"]
[EventCountry "ESP"]
[SourceTitle "Ajedrez en Madrid"]
[Source "lmi"]
[SourceDate "2018.08.08"]

1. e4 e6 2. d4 d5 3. e5 c5 4. c3 Nc6 5. Nf3 Bd7 6. a3 cxd4 7. cxd4 f6 8. exf6
Nxf6 9. Nc3 g6 10. Be3 Bg7 11. Bd3 O-O 12. O-O Rc8 13. Rc1 Ng4 14. b4 Qe7 15.
h3 Nh6 16. Bb1 Nf5 17. Qd3 a6 18. Rfe1 Bf6 19. Ba2 Qg7 20. Red1 h5 21. Bb3 g5
22. g4 Nd6 23. Nh2 h4 24. Kg2 Be8 25. Bc2 Nxd4 26. Bxd4 Bxd4 27. Qxd4 Qxd4 28.
Rxd4 Rxc3 29. Bh7+ Kxh7 30. Rxc3 Nb5 31. Rf3 Rxf3 32. Nxf3 Nxd4 33. Nxd4 Bd7
34. Nf3 Kh6 35. Ne5 Bb5 36. f4 gxf4 37. Kf3 Bf1 38. Kxf4 Bxh3 39. Nf3 Bg2 40.
Nd4 e5+ 41. Kxe5 Kg5 42. Nf5 Kxg4 43. Ne3+ Kf3 0-1

[Event "6I Torneo Ciudad de Pontevedra 2018"]
[Site "Pontevedra ESP"]
[Date "2018.08.10"]
[Round "4.26"]
[White "Avelino, Camila Biscaya"]
[Black "Fernandez Lopez, Ruben"]
[Result "1-0"]
[WhiteElo "1642"]
[BlackElo "2106"]
[PlyCount "111"]
[EventDate "2018.08.08"]
[EventType "swiss"]
[EventRounds "9"]
[EventCountry "ESP"]
[SourceTitle "Ajedrez en Madrid"]
[Source "lmi"]
[SourceDate "2018.08.08"]

1. e4 c5 2. Nf3 d6 3. d4 cxd4 4. Nxd4 Nf6 5. Nc3 a6 6. Be3 e5 7. Nb3 Be7 8. Be2
Be6 9. O-O O-O 10. Bf3 Nbd7 11. Nd5 Nxd5 12. exd5 Bf5 13. Be2 b5 14. f4 exf4
15. Bxf4 Bg6 16. Kh1 Ne5 17. Nd4 Bf6 18. c3 Rc8 19. a4 Be4 20. axb5 axb5 21.
Nxb5 Rc5 22. Ra4 Bg6 23. c4 Qd7 24. b3 Qd8 25. Ra6 Bg5 26. Rxd6 Qe7 27. Bxe5
Qxe5 28. Ra6 h5 29. Bd3 Rcc8 30. Ra1 f5 31. Qe1 Qb8 32. Qe6+ Kh7 33. Qd6 Qxd6
34. Nxd6 Rb8 35. Bc2 Rf6 36. Nb5 h4 37. h3 Kh6 38. Rfe1 Bf7 39. Nd4 g6 40. Ra7
Bd2 41. Ree7 Rf8 42. Nf3 Bb4 43. Rec7 g5 44. Ne5 Bg8 45. Nd7 g4 46. Nxf6 Rxf6
47. Rc6 Rxc6 48. dxc6 Be6 49. c7 Kg5 50. hxg4 fxg4 51. Ra8 g3 52. c8=Q Bxc8 53.
Rxc8 Kf4 54. Rh8 Be7 55. Kg1 Ke3 56. Re8 1-0

[Event "6I Torneo Ciudad de Pontevedra 2018"]
[Site "Pontevedra ESP"]
[Date "2018.08.10"]
[Round "4.27"]
[White "Casares Cabanas, Carlos"]
[Black "Adams, Philip"]
[Result "1/2-1/2"]
[WhiteElo "2113"]
[BlackElo "1982"]
[PlyCount "46"]
[EventDate "2018.08.08"]
[EventType "swiss"]
[EventRounds "9"]
[EventCountry "ESP"]
[SourceTitle "Ajedrez en Madrid"]
[Source "lmi"]
[SourceDate "2018.08.08"]

1. e4 c5 2. Nf3 Nc6 3. d4 cxd4 4. Nxd4 g6 5. c4 Bg7 6. Be3 Nf6 7. Nc3 O-O 8.
Be2 d6 9. Qd2 Bd7 10. f3 Nxd4 11. Bxd4 Bc6 12. O-O a5 13. b3 Nd7 14. Be3 Nc5
15. Rab1 e6 16. Rfd1 Be5 17. Bd4 Qe7 18. Bxe5 dxe5 19. Qe3 Rfd8 20. Rxd8+ Rxd8
21. Rd1 b6 22. Rd2 Qf6 23. Rxd8+ Qxd8 1/2-1/2

[Event "6I Torneo Ciudad de Pontevedra 2018"]
[Site "Pontevedra ESP"]
[Date "2018.08.10"]
[Round "4.28"]
[White "Otero Nogueira, Brais"]
[Black "Florez Rodriguez, Diego"]
[Result "1/2-1/2"]
[WhiteElo "2068"]
[BlackElo "2112"]
[PlyCount "47"]
[EventDate "2018.08.08"]
[EventType "swiss"]
[EventRounds "9"]
[EventCountry "ESP"]
[SourceTitle "Ajedrez en Madrid"]
[Source "lmi"]
[SourceDate "2018.08.08"]

1. c4 e6 2. g3 Nf6 3. Bg2 d5 4. Nf3 Be7 5. O-O O-O 6. b3 b6 7. Bb2 Bb7 8. d4 c5
9. cxd5 Nxd5 10. dxc5 Bxc5 11. Nc3 Qe7 12. Nxd5 Bxd5 13. Rc1 Qb7 14. b4 Be7 15.
Qc2 Na6 16. a3 Rac8 17. Qb1 Rxc1 18. Rxc1 Rc8 19. Rxc8+ Qxc8 20. e4 Bb7 21. Qa1
Bf8 22. Nd4 Nc7 23. h4 Qd7 24. Qc1 1/2-1/2

[Event "6I Torneo Ciudad de Pontevedra 2018"]
[Site "Pontevedra ESP"]
[Date "2018.08.10"]
[Round "4.29"]
[White "Lemstra, Bart"]
[Black "Van der Veen, Ronald"]
[Result "1/2-1/2"]
[WhiteElo "1929"]
[BlackElo "1984"]
[PlyCount "29"]
[EventDate "2018.08.08"]
[EventType "swiss"]
[EventRounds "9"]
[EventCountry "ESP"]
[SourceTitle "Ajedrez en Madrid"]
[Source "lmi"]
[SourceDate "2018.08.08"]

1. e4 e5 2. Nf3 Nc6 3. Bb5 a6 4. Ba4 Nf6 5. O-O b5 6. Bb3 Be7 7. c3 O-O 8. Re1
Re8 9. d4 d6 10. h3 Bb7 11. Ng5 Rf8 12. Nf3 Re8 13. Ng5 Rf8 14. Nf3 Re8 15. Ng5
1/2-1/2

[Event "6I Torneo Ciudad de Pontevedra 2018"]
[Site "Pontevedra ESP"]
[Date "2018.08.10"]
[Round "4.30"]
[White "Del Prado Rodriguez, Xulio"]
[Black "Uranga Odriozola, Inaki"]
[Result "1-0"]
[WhiteElo "1671"]
[BlackElo "1531"]
[PlyCount "77"]
[EventDate "2018.08.08"]
[EventType "swiss"]
[EventRounds "9"]
[EventCountry "ESP"]
[SourceTitle "Ajedrez en Madrid"]
[Source "lmi"]
[SourceDate "2018.08.08"]

1. d4 d5 2. Nf3 Nf6 3. e3 e6 4. Bd3 c5 5. b3 Bd6 6. Bb2 O-O 7. Nbd2 Nbd7 8. Ne5
Qc7 9. f4 b6 10. O-O Bb7 11. c3 Ne4 12. Rf3 Ndf6 13. Rh3 Nxd2 14. Qxd2 Bxe5 15.
fxe5 Ne4 16. Qe2 g6 17. Qg4 f5 18. exf6 Rxf6 19. Bxe4 dxe4 20. c4 Bc8 21. Qh4
Qf7 22. dxc5 Rf5 23. Qxe4 Rb8 24. Rd1 Bb7 25. c6 Ba8 26. Qd4 e5 27. Qd5 Rf8 28.
Qxf7+ R8xf7 29. Rd8+ Rf8 30. Rxf8+ Rxf8 31. c7 Bb7 32. Bxe5 Re8 33. Bf4 h5 34.
Rg3 Kf7 35. Rg5 Kf6 36. h4 Re7 37. Rd5 Rxc7 38. Bxc7 Bxd5 39. cxd5 1-0

[Event "6I Torneo Ciudad de Pontevedra 2018"]
[Site "Pontevedra ESP"]
[Date "2018.08.11"]
[Round "5.1"]
[White "Demchenko, Anton"]
[Black "Ruck, Robert"]
[Result "1-0"]
[WhiteElo "2670"]
[BlackElo "2502"]
[PlyCount "69"]
[EventDate "2018.08.08"]
[EventType "swiss"]
[EventRounds "9"]
[EventCountry "ESP"]
[SourceTitle "Ajedrez en Madrid"]
[Source "lmi"]
[SourceDate "2018.08.08"]

1. e4 c5 2. Nf3 e6 3. g3 Nc6 4. Bg2 Nf6 5. Qe2 e5 6. O-O Be7 7. d3 O-O 8. Nbd2
Re8 9. Nc4 Bf8 10. Bg5 h6 11. Bxf6 Qxf6 12. c3 d6 13. Ne3 g6 14. Nd2 Bg7 15. f4
exf4 16. gxf4 Qd8 17. Qf2 Kh7 18. Kh1 Rb8 19. Rae1 b6 20. e5 Ne7 21. Ne4 dxe5
22. fxe5 Rf8 23. Nd6 Be6 24. Qg3 Qd7 25. d4 cxd4 26. cxd4 Bxa2 27. d5 a5 28.
Rxf7 Rxf7 29. e6 Qa4 30. Nxf7 Re8 31. Qh3 Qb4 32. Rf1 Ng8 33. Nf5 Bc4 34. N5d6
Re7 35. Nxc4 1-0

[Event "6I Torneo Ciudad de Pontevedra 2018"]
[Site "Pontevedra ESP"]
[Date "2018.08.11"]
[Round "5.2"]
[White "Praveen, Kumar C"]
[Black "Venkatesh, M.R."]
[Result "0-1"]
[WhiteElo "2238"]
[BlackElo "2499"]
[PlyCount "114"]
[EventDate "2018.08.08"]
[EventType "swiss"]
[EventRounds "9"]
[EventCountry "ESP"]
[SourceTitle "Ajedrez en Madrid"]
[Source "lmi"]
[SourceDate "2018.08.08"]

1. d4 Nc6 2. c4 e5 3. d5 Nce7 4. e4 Ng6 5. g3 Bc5 6. Bg2 d6 7. Qe2 f5 8. Be3
Bxe3 9. Qxe3 Nf6 10. Nc3 O-O 11. f3 fxe4 12. Nxe4 Nxe4 13. fxe4 c6 14. Ne2 cxd5
15. cxd5 Qa5+ 16. Nc3 b5 17. Rf1 Bd7 18. Rf2 b4 19. Ne2 Rac8 20. Rxf8+ Rxf8 21.
Bf3 Qa4 22. Kf2 Qc2 23. Kg2 a5 24. b3 a4 25. bxa4 Bxa4 26. Rc1 Qxa2 27. Rc7 Bc2
28. Ra7 Qc4 29. Rb7 Qc5 30. Qg5 b3 31. Qg4 Qe3 32. Ng1 Kh8 33. h4 Rg8 34. Nh3
Qd2+ 35. Nf2 Qc1 36. h5 Nf8 37. Bd1 Qd2 38. Rc7 h6 39. Qf3 Nd7 40. Bxc2 Rf8 41.
Qxf8+ Nxf8 42. Bxb3 Kg8 43. Bd1 Nh7 44. Rc2 Qa5 45. Bg4 Ng5 46. Re2 Qc3 47. Nh3
Nh7 48. Nf2 Nf6 49. Bf3 Qc1 50. Ra2 Qc8 51. Ra1 Kh7 52. Re1 g6 53. hxg6+ Kxg6
54. Re2 Qc3 55. Ng4 Nh7 56. Re3 Qc5 57. Rb3 Qc2+ 0-1

[Event "6I Torneo Ciudad de Pontevedra 2018"]
[Site "Pontevedra ESP"]
[Date "2018.08.11"]
[Round "5.3"]
[White "Petkov, Vladimir"]
[Black "Martinez Duany, Lelys Stanley"]
[Result "1/2-1/2"]
[WhiteElo "2494"]
[BlackElo "2544"]
[PlyCount "26"]
[EventDate "2018.08.08"]
[EventType "swiss"]
[EventRounds "9"]
[EventCountry "ESP"]
[SourceTitle "Ajedrez en Madrid"]
[Source "lmi"]
[SourceDate "2018.08.08"]

1. Nf3 c5 2. g3 g6 3. c3 Bg7 4. Bg2 Nf6 5. d4 cxd4 6. cxd4 O-O 7. Nc3 d5 8. Ne5
e6 9. O-O Nfd7 10. Nf3 Nf6 11. Ne5 Nfd7 12. Nf3 Nf6 13. Ne5 Nfd7 1/2-1/2

[Event "6I Torneo Ciudad de Pontevedra 2018"]
[Site "Pontevedra ESP"]
[Date "2018.08.11"]
[Round "5.4"]
[White "Pena Gomez, Manuel"]
[Black "Nayhebaver, Martin"]
[Result "1-0"]
[WhiteElo "2483"]
[BlackElo "2453"]
[PlyCount "103"]
[EventDate "2018.08.08"]
[EventType "swiss"]
[EventRounds "9"]
[EventCountry "ESP"]
[SourceTitle "Ajedrez en Madrid"]
[Source "lmi"]
[SourceDate "2018.08.08"]

1. g3 Nf6 2. Bg2 d5 3. Nf3 e6 4. O-O Be7 5. c4 O-O 6. b3 c5 7. e3 Nc6 8. Qe2 e5
9. cxd5 Nxd5 10. d3 Ndb4 11. Rd1 Bf5 12. Ne1 Qd7 13. a3 Nd5 14. Bb2 Bh3 15.
Bxh3 Qxh3 16. Nf3 Qe6 17. Nbd2 b5 18. Rac1 f5 19. e4 Nd4 20. Nxd4 exd4 21. Re1
fxe4 22. dxe4 Nf6 23. Qxb5 Ng4 24. f4 Qg6 25. Re2 Ne3 26. Nf1 Rab8 27. Qd3 Qf7
28. Nxe3 Rxb3 29. Qc4 dxe3 30. Qxf7+ Kxf7 31. Rcc2 Rd8 32. Kg2 Rd1 33. Bc1 Rdd3
34. Kf3 a5 35. a4 Rbc3 36. Rxc3 Rxc3 37. Bxe3 c4 38. e5 Ra3 39. Ke4 Rxa4 40.
Rc2 Rb4 41. Kd5 a4 42. Bd4 h5 43. f5 a3 44. Rxc4 Rb5+ 45. Ke4 Rb1 46. e6+ Kg8
47. Rc8+ Kh7 48. Rc7 Re1+ 49. Kd5 Bf8 50. f6 Bb4 51. Rxg7+ Kh6 52. Rb7 1-0

[Event "6I Torneo Ciudad de Pontevedra 2018"]
[Site "Pontevedra ESP"]
[Date "2018.08.11"]
[Round "5.5"]
[White "Estremera Panos, Sergio"]
[Black "Manolache, Marius"]
[Result "0-1"]
[WhiteElo "2337"]
[BlackElo "2481"]
[PlyCount "134"]
[EventDate "2018.08.08"]
[EventType "swiss"]
[EventRounds "9"]
[EventCountry "ESP"]
[SourceTitle "Ajedrez en Madrid"]
[Source "lmi"]
[SourceDate "2018.08.08"]

1. d4 Nf6 2. c4 c5 3. d5 g6 4. Nc3 Bg7 5. e4 d6 6. Nf3 O-O 7. Be2 e6 8. Nd2 Ne8
9. O-O e5 10. a3 f5 11. b4 b6 12. bxc5 bxc5 13. Rb1 Nd7 14. Qa4 Ndf6 15. Qc6
Bd7 16. Qa6 Rf7 17. Bd1 Rb8 18. Rxb8 Qxb8 19. Ba4 Qb6 20. Qxb6 axb6 21. Bxd7
Rxd7 22. f3 Ra7 23. Nb3 Bf8 24. Na1 h5 25. Nc2 Be7 26. Bd2 Bd8 27. g3 Kg7 28.
Kg2 fxe4 29. fxe4 Nh7 30. Rb1 Ra6 31. h3 Nf8 32. a4 Nh7 33. Na3 Bg5 34. Bxg5
Nxg5 35. Nab5 Kf8 36. Rf1+ Ke7 37. h4 Nh7 38. Kf3 Nhf6 39. Ke3 Ra8 40. Kd3 Nd7
41. Na3 Nc7 42. Nc2 Na6 43. Rb1 Rf8 44. Ke2 Rg8 45. Nd1 Rd8 46. Nc3 Nc7 47. Ne3
Ne8 48. Rf1 Nef6 49. Rb1 Ng4 50. Rf1 Rg8 51. Nxg4 hxg4 52. Nd1 Nf6 53. Kd3 Ra8
54. Nc3 Rg8 55. Nd1 Ra8 56. Nc3 Nh5 57. Rb1 Nxg3 58. Rxb6 Nh5 59. Rb7+ Kf6 60.
Rd7 g3 61. Rxd6+ Kg7 62. Ke3 Rf8 63. Ne2 g2 64. Rd7+ Kh6 65. d6 Rf1 66. Rd8 Re1
67. Rh8+ Kg7 0-1

[Event "6I Torneo Ciudad de Pontevedra 2018"]
[Site "Pontevedra ESP"]
[Date "2018.08.11"]
[Round "5.6"]
[White "Cori Quispe, Kevin Joel"]
[Black "Pazos Porta, Antonio"]
[Result "1-0"]
[WhiteElo "2480"]
[BlackElo "2335"]
[PlyCount "45"]
[EventDate "2018.08.08"]
[EventType "swiss"]
[EventRounds "9"]
[EventCountry "ESP"]
[SourceTitle "Ajedrez en Madrid"]
[Source "lmi"]
[SourceDate "2018.08.08"]

1. e4 e6 2. d4 d5 3. Nc3 Nf6 4. Bg5 dxe4 5. Nxe4 Be7 6. Bxf6 Bxf6 7. Nf3 Nd7 8.
Bd3 Be7 9. Qe2 O-O 10. O-O-O c5 11. dxc5 Qc7 12. h4 Nxc5 13. Nxc5 Bxc5 14. Ne5
f6 15. Nf3 Bd7 16. Qe4 f5 17. Qe2 Rae8 18. Bc4 Bc8 19. Bb3 Kh8 20. Rhe1 b6 21.
Kb1 Bb7 22. Ng5 e5 23. Nxh7 1-0

[Event "6I Torneo Ciudad de Pontevedra 2018"]
[Site "Pontevedra ESP"]
[Date "2018.08.11"]
[Round "5.7"]
[White "Oratovsky, Michael"]
[Black "Krutti, Valer"]
[Result "1-0"]
[WhiteElo "2489"]
[BlackElo "2312"]
[PlyCount "71"]
[EventDate "2018.08.08"]
[EventType "swiss"]
[EventRounds "9"]
[EventCountry "ESP"]
[SourceTitle "Ajedrez en Madrid"]
[Source "lmi"]
[SourceDate "2018.08.08"]

1. e4 c5 2. Nf3 e6 3. g3 Nc6 4. Bg2 Nf6 5. d3 d5 6. Nbd2 Be7 7. O-O b6 8. Re1
Qc7 9. c3 O-O 10. Qe2 Ba6 11. e5 Nd7 12. h4 Rfc8 13. Nf1 Rab8 14. Bf4 Qd8 15.
Ne3 Nf8 16. h5 b5 17. Ng4 Nd7 18. h6 g6 19. Qd2 b4 20. Bg5 bxc3 21. bxc3 Rb6
22. Rad1 Rcb8 23. Qf4 Rb2 24. Bxe7 Qxe7 25. Ng5 Nd8 26. c4 R8b4 27. a3 Ra4 28.
Nf6+ Nxf6 29. exf6 Qf8 30. Qc1 Rb6 31. Qc2 Rxa3 32. cxd5 exd5 33. Bxd5 c4 34.
dxc4 Rxf6 35. Qb2 Rb6 36. Qd4 1-0

[Event "6I Torneo Ciudad de Pontevedra 2018"]
[Site "Pontevedra ESP"]
[Date "2018.08.11"]
[Round "5.8"]
[White "Rodriguez Lopez, Rafael"]
[Black "Suarez Gomez, Julio"]
[Result "1/2-1/2"]
[WhiteElo "2312"]
[BlackElo "2469"]
[PlyCount "74"]
[EventDate "2018.08.08"]
[EventType "swiss"]
[EventRounds "9"]
[EventCountry "ESP"]
[SourceTitle "Ajedrez en Madrid"]
[Source "lmi"]
[SourceDate "2018.08.08"]

1. e4 e5 2. Nf3 Nc6 3. Bb5 g6 4. O-O Bg7 5. c3 a6 6. Ba4 d6 7. d4 Bd7 8. Re1 h6
9. h3 Nge7 10. Be3 O-O 11. dxe5 dxe5 12. Nbd2 Qc8 13. b4 b6 14. Bb3 Be6 15.
Bxe6 Qxe6 16. Qb3 Qc8 17. a4 g5 18. Nc4 Ng6 19. b5 axb5 20. axb5 Rxa1 21. Rxa1
Nd8 22. Ra7 Ne6 23. Kh2 Qd8 24. Ncd2 h5 25. Qd5 Qf6 26. Nxg5 Ngf4 27. Qc4 Qxg5
28. g3 Qd8 29. gxf4 exf4 30. Bd4 Bxd4 31. cxd4 Qxd4 32. Qxd4 Nxd4 33. Rxc7 Rd8
34. Nc4 Nxb5 35. Rc6 Nd4 36. Rxb6 Nf3+ 37. Kg2 Nh4+ 1/2-1/2

[Event "6I Torneo Ciudad de Pontevedra 2018"]
[Site "Pontevedra ESP"]
[Date "2018.08.11"]
[Round "5.9"]
[White "Senlle Caride, Miguel"]
[Black "Horton, Andrew P"]
[Result "1/2-1/2"]
[WhiteElo "2311"]
[BlackElo "2408"]
[PlyCount "121"]
[EventDate "2018.08.08"]
[EventType "swiss"]
[EventRounds "9"]
[EventCountry "ESP"]
[SourceTitle "Ajedrez en Madrid"]
[Source "lmi"]
[SourceDate "2018.08.08"]

1. e4 e5 2. Nf3 Nc6 3. Bc4 Bc5 4. c3 Nf6 5. d4 exd4 6. cxd4 Bb4+ 7. Bd2 Bxd2+
8. Nbxd2 d5 9. exd5 Nxd5 10. Qb3 Na5 11. Qa4+ Nc6 12. Qb3 Nce7 13. O-O O-O 14.
Rfe1 Nb6 15. Bd3 Ng6 16. Rac1 c6 17. g3 Qd5 18. Qxd5 Nxd5 19. a3 Rd8 20. Nc4
Be6 21. Na5 Rab8 22. h4 Nf8 23. Ne5 Ne7 24. Rcd1 Bd5 25. Bf1 Ne6 26. Bh3 Kf8
27. f4 g6 28. b3 Nf5 29. Bxf5 gxf5 30. Kf2 f6 31. Nd3 Nc7 32. a4 Kf7 33. Nb4
Be4 34. Nc4 Ne6 35. Ke3 b5 36. Na5 Rdc8 37. Nbxc6 Bxc6 38. d5 Bd7 39. dxe6+
Bxe6 40. Rc1 bxa4 41. bxa4 Rb4 42. Rxc8 Bxc8 43. Rc1 Rxa4 44. Rc7+ Kg6 45. Nc6
Be6 46. Rxa7 Rxa7 47. Nxa7 Bd7 48. Kd4 Kh5 49. Kd5 Kg4 50. Kd6 Ba4 51. Ke6 Kxg3
52. Kxf5 Kxh4 53. Kxf6 Kg4 54. Nc8 Kxf4 55. Ne7 Bc2 56. Nd5+ Ke4 57. Nb4 Kf4
58. Nxc2 h5 59. Nd4 h4 60. Ne2+ Ke3 61. Ng1 1/2-1/2

[Event "6I Torneo Ciudad de Pontevedra 2018"]
[Site "Pontevedra ESP"]
[Date "2018.08.11"]
[Round "5.10"]
[White "Costa, Paulo"]
[Black "Merario Alarcon, Andres"]
[Result "1/2-1/2"]
[WhiteElo "2170"]
[BlackElo "2406"]
[PlyCount "78"]
[EventDate "2018.08.08"]
[EventType "swiss"]
[EventRounds "9"]
[EventCountry "ESP"]
[SourceTitle "Ajedrez en Madrid"]
[Source "lmi"]
[SourceDate "2018.08.08"]

1. d4 d5 2. Nf3 Nf6 3. c4 e6 4. g3 Bb4+ 5. Bd2 Be7 6. Bg2 O-O 7. O-O Nbd7 8.
Qc2 c6 9. Nc3 b6 10. b3 Ba6 11. Rfd1 Rc8 12. e4 dxc4 13. Bf4 b5 14. bxc4 bxc4
15. Rab1 h6 16. d5 cxd5 17. exd5 Nxd5 18. Nxd5 exd5 19. Rxd5 Qe8 20. Bh3 Rd8
21. Rbd1 Nf6 22. Rxd8 Bxd8 23. Bd6 Bb7 24. Bg2 Be4 25. Qxc4 Be7 26. Bxe7 Qxe7
27. Nh4 Bxg2 28. Nxg2 Qb7 29. Ne3 Qf3 30. Rd4 Rb8 31. Qd3 Qa8 32. Nd5 Nxd5 33.
Rxd5 Re8 34. Qd2 Qb8 35. Rd4 Qb1+ 36. Kg2 Qb7+ 37. Kg1 Qf3 38. Rd8 Rxd8 39.
Qxd8+ Kh7 1/2-1/2

[Event "6I Torneo Ciudad de Pontevedra 2018"]
[Site "Pontevedra ESP"]
[Date "2018.08.11"]
[Round "5.11"]
[White "Dionisi, Thomas"]
[Black "Prado Lobo, Jonas"]
[Result "1-0"]
[WhiteElo "2403"]
[BlackElo "2143"]
[PlyCount "91"]
[EventDate "2018.08.08"]
[EventType "swiss"]
[EventRounds "9"]
[EventCountry "ESP"]
[SourceTitle "Ajedrez en Madrid"]
[Source "lmi"]
[SourceDate "2018.08.08"]

1. e4 e6 2. d4 d5 3. Nc3 Nf6 4. e5 Nfd7 5. f4 c5 6. Nf3 Nc6 7. Be3 Qb6 8. Na4
Qa5+ 9. c3 cxd4 10. b4 Nxb4 11. cxb4 Bxb4+ 12. Bd2 Bxd2+ 13. Nxd2 b6 14. Rb1
Ba6 15. Bxa6 Qxa6 16. Nf3 Qa5+ 17. Kf2 d3 18. Qb3 Rc8 19. Rhd1 Rc2+ 20. Kg1 O-O
21. Rxd3 Rfc8 22. Rd4 Rc1+ 23. Rxc1 Rxc1+ 24. Rd1 Rc4 25. Nb2 Rxf4 26. Rc1 Nc5
27. Nd3 g5 28. Nxc5 bxc5 29. Nxg5 Qd2 30. Qb1 Rf5 31. Nf3 Qe3+ 32. Kh1 c4 33.
Qc2 Kg7 34. h3 Rh5 35. Re1 Qf4 36. Qe2 c3 37. Qd3 Qa4 38. Re2 Qb4 39. Rc2 d4
40. Kh2 Qc5 41. Re2 Qd5 42. Qxd4 c2 43. Qg4+ Kf8 44. Rxc2 Rf5 45. Rc8+ Ke7 46.
Qh4+ 1-0

[Event "6I Torneo Ciudad de Pontevedra 2018"]
[Site "Pontevedra ESP"]
[Date "2018.08.11"]
[Round "5.12"]
[White "Silva, Luis Neves Da"]
[Black "Paiva, Henrique M A Alberg"]
[Result "1/2-1/2"]
[WhiteElo "2374"]
[BlackElo "2080"]
[PlyCount "68"]
[EventDate "2018.08.08"]
[EventType "swiss"]
[EventRounds "9"]
[EventCountry "ESP"]
[SourceTitle "Ajedrez en Madrid"]
[Source "lmi"]
[SourceDate "2018.08.08"]

1. Nf3 d5 2. g3 c6 3. Bg2 Nf6 4. O-O h6 5. c4 e6 6. d4 Nbd7 7. Qc2 Be7 8. Nbd2
O-O 9. e4 dxe4 10. Nxe4 Nxe4 11. Qxe4 Nf6 12. Qe2 c5 13. dxc5 Bxc5 14. Bf4 Qe7
15. Rad1 b6 16. Nd4 Bb7 17. Nf5 exf5 18. Qxe7 Bxe7 19. Bxb7 Rad8 20. Bc7 Rxd1
21. Rxd1 Bc5 22. h3 Re8 23. Rd8 Rxd8 24. Bxd8 Ne4 25. Bxe4 fxe4 26. g4 Bd4 27.
b3 g6 28. Bc7 Bc5 29. Bb8 a5 30. Kf1 f5 31. gxf5 gxf5 32. Bf4 h5 33. Ke2 Kf7
34. Be3 Ke6 1/2-1/2

[Event "6I Torneo Ciudad de Pontevedra 2018"]
[Site "Pontevedra ESP"]
[Date "2018.08.11"]
[Round "5.13"]
[White "Starostits, Ilmars"]
[Black "Vidal Fernandez, Pablo"]
[Result "1-0"]
[WhiteElo "2454"]
[BlackElo "2143"]
[PlyCount "55"]
[EventDate "2018.08.08"]
[EventType "swiss"]
[EventRounds "9"]
[EventCountry "ESP"]
[SourceTitle "Ajedrez en Madrid"]
[Source "lmi"]
[SourceDate "2018.08.08"]

1. e4 e6 2. d4 d5 3. Nc3 Nf6 4. Bg5 Be7 5. e5 Nfd7 6. Bxe7 Qxe7 7. f4 a6 8. Qh5
c5 9. Nf3 Nc6 10. O-O-O b5 11. dxc5 Nxc5 12. Bd3 b4 13. Ne2 a5 14. Bb5 Bd7 15.
f5 g6 16. fxg6 fxg6 17. Qh6 Rb8 18. Bxc6 Bxc6 19. Ned4 Kd7 20. Ng5 Qf8 21. Qh4
h6 22. Ngxe6 Nxe6 23. Rhf1 Qe8 24. Qh3 Rh7 25. Rf8 Qxf8 26. Qxe6+ Kd8 27. Nxc6+
Kc7 28. Nxb8 1-0

[Event "6I Torneo Ciudad de Pontevedra 2018"]
[Site "Pontevedra ESP"]
[Date "2018.08.11"]
[Round "5.14"]
[White "Samoun, Florent"]
[Black "Levi, Netanel"]
[Result "1-0"]
[WhiteElo "2334"]
[BlackElo "1961"]
[PlyCount "57"]
[EventDate "2018.08.08"]
[EventType "swiss"]
[EventRounds "9"]
[EventCountry "ESP"]
[SourceTitle "Ajedrez en Madrid"]
[Source "lmi"]
[SourceDate "2018.08.08"]

1. d4 Nf6 2. Nf3 d6 3. Nc3 Nbd7 4. e4 e5 5. h3 c6 6. Be3 b5 7. a3 Be7 8. Be2
Bb7 9. g4 h6 10. Rg1 a5 11. dxe5 dxe5 12. g5 hxg5 13. Nxg5 Qc7 14. Qb1 Bc5 15.
Qa2 Rf8 16. O-O-O Qb6 17. Ne6 Bxe3+ 18. fxe3 fxe6 19. Qxe6+ Kd8 20. Rxg7 Qc7
21. Bg4 Kc8 22. Rgxd7 Nxd7 23. Rxd7 Qxd7 24. Qxd7+ Kb8 25. Qd6+ Ka7 26. Qc5+
Ka6 27. a4 Rf1+ 28. Kd2 Rd8+ 29. Nd5 1-0

[Event "6I Torneo Ciudad de Pontevedra 2018"]
[Site "Pontevedra ESP"]
[Date "2018.08.11"]
[Round "5.15"]
[White "Andias, Joao Pedro Menezes"]
[Black "Calzetta Ruiz, Monica"]
[Result "0-1"]
[WhiteElo "2036"]
[BlackElo "2302"]
[PlyCount "100"]
[EventDate "2018.08.08"]
[EventType "swiss"]
[EventRounds "9"]
[EventCountry "ESP"]
[SourceTitle "Ajedrez en Madrid"]
[Source "lmi"]
[SourceDate "2018.08.08"]

1. e4 c5 2. Nf3 g6 3. d4 cxd4 4. Qxd4 Nf6 5. Nc3 Nc6 6. Qa4 d6 7. e5 dxe5 8.
Nxe5 Bd7 9. Nxd7 Nxd7 10. Bb5 Bg7 11. O-O O-O 12. Rd1 Qc8 13. Nd5 Nb6 14. Nxb6
axb6 15. Qe4 Rd8 16. Be3 Bxb2 17. Bxb6 Rxd1+ 18. Rxd1 Rxa2 19. Bxc6 Qxc6 20.
Qxe7 Kg7 21. Bc5 Qc8 22. h4 Bf6 23. Bd4 Bxd4 24. Rxd4 Qf5 25. g3 Rxc2 26. Rf4
Qd5 27. Qf6+ Kg8 28. Rf3 h5 29. Qf4 Rd2 30. Kh2 Rd1 31. Qe3 b5 32. Qb3 Qxb3 33.
Rxb3 Rd5 34. Kg2 Kf8 35. Kf3 Ke7 36. Ke4 Kd6 37. f3 f5+ 38. Kf4 Kc5 39. Rc3+
Kb6 40. Rb3 Rc5 41. Ra3 b4 42. Ra8 Kb5 43. Rb8+ Kc4 44. Rb6 b3 45. Kg5 Rb5 46.
Rc6+ Kb4 47. Rc1 Rb6 48. g4 fxg4 49. fxg4 hxg4 50. Kxg4 b2 0-1

[Event "6I Torneo Ciudad de Pontevedra 2018"]
[Site "Pontevedra ESP"]
[Date "2018.08.11"]
[Round "5.16"]
[White "Galiana Fernandez, Adrian"]
[Black "Puga Sanchez, Miguel"]
[Result "1-0"]
[WhiteElo "2291"]
[BlackElo "2109"]
[PlyCount "75"]
[EventDate "2018.08.08"]
[EventType "swiss"]
[EventRounds "9"]
[EventCountry "ESP"]
[SourceTitle "Ajedrez en Madrid"]
[Source "lmi"]
[SourceDate "2018.08.08"]

1. e4 c5 2. Nf3 d6 3. d4 cxd4 4. Nxd4 Nf6 5. Nc3 a6 6. Be3 e5 7. Nf3 Qc7 8. a4
b6 9. Nd5 Nxd5 10. Qxd5 Bb7 11. Qb3 Nd7 12. Bc4 Nc5 13. Bxc5 bxc5 14. Ng5 d5
15. Bxd5 Bxd5 16. Qxd5 Rd8 17. Qc4 Rd4 18. Qxa6 Be7 19. Qb5+ Kf8 20. c3 Rd8 21.
Nf3 g5 22. a5 Kg7 23. Qb6 Qd7 24. O-O f6 25. a6 Rb8 26. Qa5 Rhd8 27. a7 Ra8 28.
b4 h5 29. b5 h4 30. h3 g4 31. Nxh4 gxh3 32. Nf5+ Kf7 33. Qa2+ Kg6 34. gxh3 Rh8
35. Kh2 Rxh3+ 36. Kxh3 Rh8+ 37. Kg2 Rh5 38. Qg8# 1-0

[Event "6I Torneo Ciudad de Pontevedra 2018"]
[Site "Pontevedra ESP"]
[Date "2018.08.11"]
[Round "5.17"]
[White "Cinza Lopez, Javier"]
[Black "Garcia Trobat, Francisco"]
[Result "1-0"]
[WhiteElo "2009"]
[BlackElo "2266"]
[PlyCount "58"]
[EventDate "2018.08.08"]
[EventType "swiss"]
[EventRounds "9"]
[EventCountry "ESP"]
[SourceTitle "Ajedrez en Madrid"]
[Source "lmi"]
[SourceDate "2018.08.08"]

1. g3 c5 2. Bg2 Nc6 3. Nf3 g6 4. c4 Bg7 5. Nc3 d6 6. O-O Bf5 7. d3 Qd7 8. Re1
h5 9. h4 Nh6 10. Nd5 Rc8 11. Rb1 Bh3 12. Bh1 Nf5 13. a3 Nfd4 14. b4 Nxf3+ 15.
Bxf3 Nd4 16. Bh1 Bg4 17. bxc5 dxc5 18. Rxb7 Qxb7 19. Nf6+ Bxf6 20. Bxb7 Rb8 21.
Qa4+ Kf8 22. Qxa7 Kg7 23. f3 Bf5 24. Bf4 Rbd8 25. Bg5 Be5 26. Kg2 Rd7 27. e4
Rb8 28. Rb1 Be6 29. Bf4 Nc6 1-0